| 000 | 01391aam a2200325 i 4500 | ||
|---|---|---|---|
| 999 |
_c37369 _d37369 |
||
| 001 | 768714001 | ||
| 003 | CO-MdFUSB | ||
| 005 | 20200811092723.0 | ||
| 007 | ta | ||
| 008 | 200811t1984 us |||| |||| 00| 0 spa d | ||
| 020 | _a9589516327 | ||
| 040 |
_bspa. _aCO-MdFUSB _cCO-MdFUSB _dCO-MdFUSBC _erda |
||
| 041 |
_aspa _heng |
||
| 082 | 0 | 4 |
_223 _a262.9 _bB1671m |
| 100 | 1 |
_aBaker, Don (1903-) _eautor |
|
| 240 | _aBeyond forgiviness | ||
| 245 | 1 | 0 |
_aMás allá del perdón : _bel efecto sanador de la disciplina en la iglesia _c/ Don Baker ; traducido por Mariela Bernal de Mendez |
| 264 | 1 |
_aEstados Unidos : _bUnilit, _c[1984] |
|
| 264 | 4 | _c© 1984 | |
| 300 |
_a122 Páginas _c; 21 cm |
||
| 336 |
_atexto _btxt _2rdacontent |
||
| 337 |
_2rdamedia _asin mediación _bn |
||
| 338 |
_2rdacarrier _avolumen _bnc |
||
| 505 | _aPerfil de un santo pecador. -- Y ahora, ¿qué? -- Confrontación y confesión. -- ¿Es necesaria la disciplina? -- Buscando respuestas. -- Trazando un plan. -- Confesión ante la iglesia. -- La iglesia responde. -- Disciplinar sin destruir. -- Perdón y restauración. -- Sumisión y restauración. -- Disciplina y restauración. -- Puesto aparte para servir de nuevo. -- ¡Restaurado! | ||
| 563 | _aRústico | ||
| 650 | 0 |
_91206 _aDisciplina eclesiástica |
|
| 700 |
_94782 _aMéndez, Mariela Bernal de. _etraductor |
||
| 942 | _cBK | ||
| 945 | _aJTF-925 | ||